[Event "Lodz Spring"]
[Site "Lodz"]
[Date "2007.05.27"]
[Round "9"]
[White "Flis, Radoslaw"]
[Black "Rosniak, Dariusz"]
[Result "1-0"]
[WhiteElo "1917"]
[BlackElo "1976"]
[PlyCount "56"]
[EventDate "2007.05.19"]
[EventType "tourn"]
[EventRounds "9"]
[EventCountry "POL"]
[SourceTitle "EXT 2011"]
[Source "ChessBase"]
[SourceDate "2010.11.26"]
[SourceVersion "1"]
[SourceVersionDate "2010.11.26"]
[SourceQuality "1"]

1. e4 c5 2. Nf3 e6 3. d4 cxd4 4. Nxd4 a6 5. Bd3 Nc6 6. Nxc6 dxc6 7. Nd2 e5 8. Nc4 Qc7 9. Be3 c5 10. Qh5 Bd6 11. Qg5 g6 12. Rd1 Kf8 13. Nxd6 f6 14. Qh4 Qxd6 15. Bh6+ Ke7 16. Bg7 c4 17. Bxh8 h5 18. Be2 Qb4+ 19. c3 Qxb2 20. Qg3 Be6 21. Qxg6 Qxc3+ 22. Kf1 b5 23. Qg7+ Bf7 24. Bxh5 Rf8 25. Bxf7 Rxf7 26. Qxg8 Rf8 27. Bxf6+ Rxf6 28. Qd8+ Kf7 1-0

[Event "Lodz Spring"]
[Site "Lodz"]
[Date "2007.05.22"]
[Round "4"]
[White "Rosniak, Dariusz"]
[Black "Gradowski, Jacek"]
[Result "1-0"]
[WhiteElo "1976"]
[BlackElo "2191"]
[PlyCount "39"]
[EventDate "2007.05.19"]
[EventType "tourn"]
[EventRounds "9"]
[EventCountry "POL"]
[SourceTitle "EXT 2011"]
[Source "ChessBase"]
[SourceDate "2010.11.26"]
[SourceVersion "1"]
[SourceVersionDate "2010.11.26"]
[SourceQuality "1"]

1. e4 e5 2. Nf3 Nc6 3. Bb5 a6 4. Ba4 Nf6 5. 0-0 Be7 6. Re1 b5 7. Bb3 d6 8. a4 Rb8 9. axb5 axb5 10. h3 0-0 11. c3 Bb7 12. d4 Ra8 13. Rxa8 Qxa8 14. Qd3 Na5 15. Bc2 Re8 16. dxe5 dxe5 17. Qxb5 Bc6 18. Qe2 Bc5 19. b4 Bxf2+ 20. Kxf2 1-0

[Event "Krakow op-B"]
[Site "Krakow"]
[Date "2006.01.03"]
[Round "8"]
[White "Rosniak, Dariusz"]
[Black "Stanach, Fabian"]
[Result "0-1"]
[WhiteElo "1957"]
[BlackElo "2039"]
[PlyCount "95"]
[EventDate "2005.12.27"]
[EventType "swiss"]
[EventRounds "9"]
[EventCountry "POL"]
[SourceTitle "CBM 110 Extra"]
[Source "ChessBase"]
[SourceDate "2006.03.10"]
[SourceVersion "2"]
[SourceVersionDate "2006.03.10"]
[SourceQuality "1"]

1. e4 g6 2. d4 Bg7 3. c3 d6 4. Bd3 c5 5. dxc5 dxc5 6. Be3 Qc7 7. Nd2 Nf6 8. h3 0-0 9. Qe2 a6 10. a4 b6 11. Ngf3 Nc6 12. 0-0 e5 13. Bg5 h6 14. Bxf6 Bxf6 15. Rfd1 Nd8 16. Nf1 Ne6 17. g3 Ng7 18. h4 Nh5 19. Ne3 Bg7 20. Bc4 Kh8 21. Rd2 Ra7 22. Rad1 f5 23. exf5 e4 24. Nh2 Nxg3 25. fxg3 Qxg3+ 26. Kh1 gxf5 27. Rd8 Qxh4 28. Rxf8+ Bxf8 29. Rf1 b5 30. Bd5 Qh3 31. Qg2 Qxg2+ 32. Nxg2 Bd6 33. Ne3 f4 34. Ng2 f3 35. Nxf3 exf3 36. Rxf3 Kg7 37. Ne3 Kg6 38. Kg2 h5 39. axb5 axb5 40. Bc6 Ra2 41. Rf2 h4 42. Nf1 b4 43. Bd5 Ra1 44. cxb4 cxb4 45. b3 Kg5 46. Rf3 Bg4 47. Rf2 Bc5 48. Rf7 0-1

[Event "Krakow op-B"]
[Site "Krakow"]
[Date "2006.01.02"]
[Round "7"]
[White "Gajdzica, Maciej"]
[Black "Rosniak, Dariusz"]
[Result "1/2-1/2"]
[WhiteElo "2049"]
[BlackElo "1957"]
[PlyCount "142"]
[EventDate "2005.12.27"]
[EventType "swiss"]
[EventRounds "9"]
[EventCountry "POL"]
[SourceTitle "CBM 110 Extra"]
[Source "ChessBase"]
[SourceDate "2006.03.10"]
[SourceVersion "2"]
[SourceVersionDate "2006.03.10"]
[SourceQuality "1"]

1. d4 Nf6 2. c4 c5 3. d5 e6 4. Nc3 exd5 5. cxd5 d6 6. e4 g6 7. Bb5+ Nbd7 8. a4 a6 9. Be2 Bg7 10. Nf3 0-0 11. 0-0 Re8 12. Nd2 Ne5 13. f4 Neg4 14. Nc4 Nxe4 15. Bxg4 Bd4+ 16. Kh1 Bxg4 17. Qb3 Nf2+ 18. Kg1 Qh4 19. Be3 Bxe3 20. Nxe3 Rxe3 21. Rxf2 Rae8 22. Qxb7 Bc8 23. Qb8 Qf6 24. Raf1 h5 25. Qb3 Qd4 26. Qd1 Rd3 27. Qc2 Bf5 28. Qc1 Rde3 29. Rd1 Qb4 30. Kh1 Qb3 31. Rg1 h4 32. Qd1 Qb4 33. Rgf1 Kg7 34. Qc1 h3 35. gxh3 Bxh3 36. Rg1 Bf5 37. Rgf1 Qd4 38. Qd2 Rd3 39. Qc1 Be4+ 40. Kg1 Bxd5 41. Nxd5 Qxd5 42. f5 Rh8 43. Rg2 Qd4+ 44. Kh1 Re3 45. Qc2 Qd5 46. fxg6 f6 47. Qf2 Qe5 48. Kg1 c4 49. Qc2 Qd4 50. Kh1 Re7 51. Rd1 Qc5 52. Qd2 Rhe8 53. Rf1 Qe5 54. Rd1 Re6 55. Qf2 d5 56. Qc5 Rd8 57. Qa7+ Re7 58. Qxa6 Red7 59. Qb5 c3 60. bxc3 Qxc3 61. Qe2 Qb4 62. Ra1 d4 63. Qh5 Rh8 64. Qf5 Qd6 65. Rd1 d3 66. Rf2 Qc6+ 67. Kg1 Rd6 68. a5 Rd5 69. Qf3 Rg5+ 70. Kh1 Qxf3+ 71. Rxf3 Rxa5 1/2-1/2

[Event "Krakow op-B"]
[Site "Krakow"]
[Date "2005.12.29"]
[Round "3"]
[White "Jadenkus, Henrikas"]
[Black "Rosniak, Dariusz"]
[Result "1/2-1/2"]
[WhiteElo "2040"]
[BlackElo "1957"]
[PlyCount "75"]
[EventDate "2005.12.27"]
[EventType "swiss"]
[EventRounds "9"]
[EventCountry "POL"]
[SourceTitle "CBM 110 Extra"]
[Source "ChessBase"]
[SourceDate "2006.03.10"]
[SourceVersion "2"]
[SourceVersionDate "2006.03.10"]
[SourceQuality "1"]

1. e4 c5 2. c4 d6 3. g3 g6 4. Bg2 Bg7 5. Nc3 Nc6 6. Nge2 Nf6 7. 0-0 0-0 8. Rb1 Rb8 9. d3 Ne8 10. f4 Nd4 11. a3 f5 12. b4 fxe4 13. Bxe4 Bh3 14. Bg2 Bxg2 15. Kxg2 e5 16. Nxd4 exd4 17. Nd5 b6 18. Re1 Rf7 19. Qg4 Nf6 20. Qe6 Qd7 21. Bd2 Rd8 22. Nxf6+ Bxf6 23. Qxd7 Rdxd7 24. bxc5 dxc5 25. Re6 Rfe7 26. Rbe1 Kf7 27. Rxe7+ Bxe7 28. a4 Bd6 29. Kf3 Kf6 30. h3 h5 31. Ke4 Bc7 32. Kf3 Bd6 33. Re2 Rb7 34. Be1 Rd7 35. Re8 Kf7 36. Ra8 Re7 37. Bf2 Kg7 38. Rd8 1/2-1/2

[Event "POL-ch U16"]
[Site "Krynica"]
[Date "2003.??.??"]
[Round "8"]
[White "Butkiewicz, Lukasz"]
[Black "Rosniak, Dariusz"]
[Result "1/2-1/2"]
[WhiteElo "2035"]
[BlackElo "1800"]
[PlyCount "110"]
[EventDate "2003.??.??"]
[EventType "swiss"]
[EventRounds "11"]
[EventCountry "POL"]
[SourceTitle "EXT 2007"]
[Source "ChessBase"]
[SourceDate "2006.11.23"]
[SourceVersion "1"]
[SourceVersionDate "2006.11.23"]
[SourceQuality "1"]

1. e4 d6 2. d4 Nf6 3. Nc3 g6 4. f3 Bg7 5. Be3 0-0 6. Qd2 Nc6 7. 0-0-0 e5 8. Nge2 exd4 9. Nxd4 Nxd4 10. Bxd4 a6 11. g4 b5 12. h4 Ne8 13. Bxg7 Nxg7 14. h5 g5 15. h6 Ne6 16. Nd5 Bb7 17. Qc3 f6 18. Bd3 Bxd5 19. exd5 Nf4 20. Rhe1 Nxd3+ 21. Rxd3 Qd7 22. Re6 Qf7 23. Rde3 Rae8 24. Qc6 Rxe6 25. dxe6 Qe7 26. Qxa6 b4 27. Qb5 c5 28. Qd7 Re8 29. Kd2 Kf8 30. Qxe7+ Kxe7 31. a3 bxa3 32. bxa3 d5 33. Rb3 Kxe6 34. Rb6+ Kf7 35. Rc6 Ra8 36. Rxc5 Rxa3 37. c3 d4 38. Rc7+ Kg6 39. cxd4 Rxf3 40. d5 Rb3 41. d6 Rb6 42. d7 Rd6+ 43. Kc3 Kxh6 44. Kc4 Kg6 45. Kc5 Rd1 46. Kc6 f5 47. gxf5+ Kxf5 48. Rc8 h6 49. d8Q Rxd8 50. Rxd8 Kf4 51. Kd5 h5 52. Rf8+ Kg3 53. Ke4 h4 54. Rh8 g4 55. Kf5 h3 1/2-1/2

[Event "POL-ch U16"]
[Site "Krynica"]
[Date "2003.??.??"]
[Round "4"]
[White "Lubczynski, Rafal"]
[Black "Rosniak, Dariusz"]
[Result "1-0"]
[WhiteElo "2075"]
[BlackElo "1800"]
[PlyCount "55"]
[EventDate "2003.??.??"]
[EventType "swiss"]
[EventRounds "11"]
[EventCountry "POL"]
[SourceTitle "EXT 2007"]
[Source "ChessBase"]
[SourceDate "2006.11.23"]
[SourceVersion "1"]
[SourceVersionDate "2006.11.23"]
[SourceQuality "1"]

1. g3 d5 2. Bg2 e5 3. d3 Nf6 4. Nf3 Bd6 5. 0-0 0-0 6. Bg5 h6 7. Bxf6 Qxf6 8. Nc3 c6 9. e4 d4 10. Ne2 Bg4 11. Nd2 Qe7 12. f3 Bh5 13. f4 Nd7 14. f5 b5 15. h3 Bxe2 16. Qxe2 Kh7 17. h4 g6 18. Bh3 Qd8 19. Rf2 Be7 20. Nf3 Bd6 21. Nh2 Nf6 22. Raf1 Nh5 23. Qg4 Nf6 24. fxg6+ fxg6 25. Qe6 Kg7 26. Ng4 Be7 27. Nxe5 Qd6 28. Rxf6 1-0

[Event "POL-ch U16"]
[Site "Krynica"]
[Date "2003.??.??"]
[Round "6"]
[White "Rosniak, Dariusz"]
[Black "Baran, Pawel"]
[Result "1/2-1/2"]
[WhiteElo "1800"]
[BlackElo "2085"]
[PlyCount "48"]
[EventDate "2003.??.??"]
[EventType "swiss"]
[EventRounds "11"]
[EventCountry "POL"]
[SourceTitle "EXT 2007"]
[Source "ChessBase"]
[SourceDate "2006.11.23"]
[SourceVersion "1"]
[SourceVersionDate "2006.11.23"]
[SourceQuality "1"]

1. e4 c5 2. Nf3 d6 3. d4 cxd4 4. Nxd4 Nf6 5. Nc3 g6 6. Be3 Bg7 7. f3 0-0 8. Qd2 Nc6 9. 0-0-0 Nxd4 10. Bxd4 Be6 11. Kb1 Qc7 12. h4 Rfc8 13. h5 Qa5 14. a3 Rab8 15. hxg6 hxg6 16. Nd5 Qxd2 17. Nxf6+ Bxf6 18. Rxd2 Bxd4 19. Rxd4 Kg7 20. Be2 b5 21. b3 a5 22. Kb2 Rc7 23. Rhd1 Rc5 24. f4 Rb6 1/2-1/2